00625nam a2200169Ia 4500008004100000020001500041041000800056082001800064100003500082245011500117250000600232260005200238300001000290650002500300999001900325952011100344210716s2002 xx 000 0 und d a0324066538 aeng a658.4012 SICJ aSiciliano, Julie; Gopinath, C. aStrategize: experiential exercieses in strategic management.bExperiential exercieses in strategic management. a1 aAustraliabSouth Western Thomson learningc2002 ax,182 aStrategic Management c200807d200807 001040708MBAaAIMITbAIMITd2006-03-24l0o658.4012 SICJpMBA03373r2026-05-23 00:00:00w2021-07-16yBK